The manaul of local rules and orders made under enactments applying to Assam (Record no. 487813)

000 -LEADER
fixed length control field 00415cam a22001217a 4500
008 - FIXED-LENGTH DATA ELEMENTS--GENERAL INFORMATION
fixed length control field 180718b xxu||||| |||| 00| 0 eng d
082 ## - DEWEY DECIMAL CLASSIFICATION NUMBER
Classification number A42x5411 As72/1931
100 ## - MAIN ENTRY--PERSONAL NAME
Personal name Assam. Government
245 ## - TITLE STATEMENT
Title The manaul of local rules and orders made under enactments applying to Assam
260 ## - PUBLICATION, DISTRIBUTION, ETC.
Place of publication, distribution, etc. Shillong
Name of publisher, distributor, etc. Superintendent, Assam Government
Date of publication, distribution, etc.
300 ## - PHYSICAL DESCRIPTION
Extent 3 Vols.
500 ## - GENERAL NOTE
General note Library has v.2. 1934. p.533-1048. v.3. 500+p.
Holdings
Withdrawn status Lost status Damaged status Not for loan Permanent Location Current Location Date acquired Full call number Barcode Date last seen Price effective from Koha item type
        Indian Institute of Public Administration Indian Institute of Public Administration 2018-08-04 A42x5411 As72/1931 GR2602 2018-08-04 2018-08-04 GR
        Indian Institute of Public Administration Indian Institute of Public Administration 2018-08-04 A42x5411 As72/1931 GR2601 2018-08-04 2018-08-04 GR

Powered by Koha